00394nam a2200145Ia 4500008004100000020001800041041000800059082002000067100002200087245003100109250000600140260006700146300001200213650002300225210716s2012 xx 000 0 und d a9789350233115 aeng a658.312404 RANS aRangnekar, Sharu. aSoft skills in management. a1 aNew DelhibShroff Publications and Distributers Pvt Ltdc2012 ax,130,7 aGeneral Management